Groupes de choses : Belgique - Statistiques

Statistiques générales
  • Ce quiz a été pris 427 fois
  • Le résultat moyen est 22 sur 33
Statistiques - réponses
Hint Réponse % Correct
Langues officielles Français
97%
Pays limitrophes France
96%
Langues officielles Néerlandais
96%
Pays limitrophes Allemagne
95%
Régions belge Bruxelles-Capitale
95%
Pays limitrophes Luxembourg
95%
Pays limitrophes Pays-Bas
95%
Régions belge Wallonie
91%
Langues officielles Allemand
90%
Pays africains ayant obtenus leurs indépendance de la Belgique République démocratique du Congo
90%
Chefs-lieux des provinces belge Liège
81%
Régions belge Flandre
76%
Chefs-lieux des provinces belge Anvers
74%
Footballeurs belges classés top 10 au ballon d'or depuis 2015 Eden Hazard
74%
Chefs-lieux des provinces belge Bruges
72%
Footballeurs belges classés top 10 au ballon d'or depuis 2015 Kevin De Bruyne
68%
Prénoms des rois de Belgique Léopold
68%
Chefs-lieux des provinces belge Gand
65%
Chefs-lieux des provinces belge Namur
62%
Footballeurs belges classés top 10 au ballon d'or depuis 2015 Thibaut Courtois
60%
Prénoms des rois de Belgique Philippe
59%
Fleuves coulant en Belgique Meuse
58%
Prénoms des rois de Belgique Albert
49%
Pays africains ayant obtenus leurs indépendance de la Belgique Rwanda
49%
Chefs-lieux des provinces belge Mons
47%
Prénoms des rois de Belgique Baudouin
44%
Chefs-lieux des provinces belge Louvain
43%
Pays africains ayant obtenus leurs indépendance de la Belgique Burundi
40%
Fleuves coulant en Belgique Escaut
40%
Chefs-lieux des provinces belge Arlon
37%
Chefs-lieux des provinces belge Hasselt
35%
Fleuves coulant en Belgique Yser
33%
Chefs-lieux des provinces belge Wavre
31%
Aucun quiz correspondant
Distribution des résultats
% des personnes avec chaque résultat
Percentile par nombre de réponses
Votre historique - résultats
Vous n’avez pas pris ce quiz